MARKETING MANGEMENT (Record no. 14276)

MARC details
000 -LEADER
fixed length control field 00287nam a22001457a 4500
003 - CONTROL NUMBER IDENTIFIER
control field SGT
020 ## - INTERNATIONAL STANDARD BOOK NUMBER
International Standard Book Number 658.8
082 ## - DEWEY DECIMAL CLASSIFICATION NUMBER
Classification number KOT
100 ## - MAIN ENTRY--PERSONAL NAME
Personal name KOTLER, PHILIP
245 ## - TITLE STATEMENT
Title MARKETING MANGEMENT
250 ## - EDITION STATEMENT
Edition statement 15TH
260 ## - PUBLICATION, DISTRIBUTION, ETC. (IMPRINT)
Place of publication, distribution, etc PEARSON INDIA
Year of Publication 2017
300 ## - PAGE DESCRIPTION
No. of Pages 756
942 ## - ADDED ENTRY ELEMENTS (KOHA)
Source of classification or shelving scheme Dewey Decimal Classification
Koha item type Books
942 ## - ADDED ENTRY ELEMENTS (KOHA)
-- 60
Holdings
Withdrawn status Lost status Source of classification or shelving scheme Damaged status Not for loan Collection code Home library Current library Shelving location Date acquired Vendor Name Cost, normal purchase price SGTU Bill Number Total Checkouts Full call number Accession No. (Barcode) Date last seen Date last borrowed Bill Date Koha item type Total Renewals
    Dewey Decimal Classification     COMMERCE MANAGEMENT SGT Science & Social Sciences Library SGT Science & Social Sciences Library Text Book 27/12/2017 AHUJA BOOKS 959.00 SGTU 9088 38 KOT CM3966 08/07/2023 08/07/2023   Books  
    Dewey Decimal Classification     COMMERCE MANAGEMENT SGT Science & Social Sciences Library SGT Science & Social Sciences Library Text Book 27/12/2017 AHUJA BOOKS 959.00 SGTU 9088 18 KOT CM3967 28/03/2023 11/03/2023   Books  
    Dewey Decimal Classification     COMMERCE MANAGEMENT SGT Science & Social Sciences Library SGT Science & Social Sciences Library Text Book 27/12/2017 AHUJA BOOKS 959.00 SGTU 9088 36 KOT CM3968 18/01/2025 10/01/2025   Books 1
    Dewey Decimal Classification     COMMERCE MANAGEMENT SGT Science & Social Sciences Library SGT Science & Social Sciences Library Text Book 27/12/2017 AHUJA BOOKS 959.00 SGTU 9088 21 KOT CM3969 15/03/2023 22/02/2023   Books 1
    Dewey Decimal Classification     COMMERCE MANAGEMENT SGT Science & Social Sciences Library SGT Science & Social Sciences Library Text Book 27/12/2017 AHUJA BOOKS 959.00 SGTU 9088 33 KOT CM3970 18/04/2023 13/04/2023   Books